Botánica : pruebas de evaluación /
Guardado en:
| Autor Principal: | |
|---|---|
| Formato: | Libro |
| Publicado: |
Buenos Aires :
Diagraf,
1970
|
| Materias: | |
| Etiquetas: |
Agregar Etiqueta
Sin Etiquetas, Sea el primero en etiquetar este registro!
|
| LEADER | 00601nam a22001815a 4500 | ||
|---|---|---|---|
| 001 | CEM.cems006466 | ||
| 008 | 130507s1970##################000#0#####d | ||
| 005 | 20240410133100.0 | ||
| 245 | 1 | 0 | |a Botánica : |b pruebas de evaluación / |
| 260 | |a Buenos Aires : |b Diagraf, |c 1970 | ||
| 300 | |a 45 p. | ||
| 100 | 1 | |a Vattuone, Lucy F De | |
| 082 | 0 | 4 | |a 580 |
| 653 | |a Botanica | ||
| 653 | |a Botanica-evaluacion | ||
| 859 | |a CEMS |b BIB. CEMS - 11 de abril |h 580 |i V459-1 |p 12605.83 |t Ej.1 | ||
| 859 | |a CEMS |b BIB. CEMS - 11 de abril |h 580 |i V459-1 |p 12606.83 |t Ej.2 | ||
| 859 | |a CEMS |b BIB. CEMS - Agricultura |h 580 |i V459-1 |p A12607.83 |t Ej.3 | ||
